000 00332 a2200157 4500
001 72883
020 _a8508073046
040 _cAnchieta - Colégio São Paulo
100 _aDante, Luiz Roberto
240 1 0 _aMatemática
_lpor
245 1 0 _aMatemática
300 _a526
362 0 _a2001
650 4 _aMatemática
942 _cBK
999 _c72883
_d72883